000 00720nam a2200205Ii 4500
003 JO-AjNU
008 230605s9999||||xx |||||||||||||| ||und||
040 _aJO-AjNU
_bara
_erda
_cJO-AjNU
041 _aara
050 1 4 _aRC271.D52.T42 2002
100 3 _aاعداد الطيبي ، عكاشة عبد المنان ,
_eauthor
_913860
245 0 0 _aاسئلة حائرة كيف اقهر السرطان بالغذاء والفيتامينات
250 _aط1
264 3 1 _aبيروت : المكتبة الثقافية ،2002
300 _a175ص
336 _atext
_btxt
_2rdacontent
337 _aunmediated
_bn
_2rdamedia
338 _avolume
_bnc
_2rdacarrier
650 4 _aامراض السرطان -علاجة
_913861
999 _aA3559
_c7127
_d7127